| 000 | 00784nam a2200205 i 4500 | ||
|---|---|---|---|
| 001 | 139778 | ||
| 003 | ES-MaACL | ||
| 005 | 20230906195913.0 | ||
| 007 | t| | ||
| 008 | 070214m19541955sp r ||||1| spa d | ||
| 100 | 1 |
_aSchimpke, Paul. _9104371 |
|
| 245 | 1 | 0 |
_aTratado general de soldadura / _cPaul Schimpke y Hans A. Horn ; versión del alemán por el Ingeniero H. Sánchez y Rosal. |
| 260 |
_aBarcelona : _bGustavo Gili, _c1954-55. |
||
| 300 |
_a3 t. : _bil. ; _c26 cm. |
||
| 500 | _aContiene: I . Soldadura y corte con soplete ---- II . Soldadura eléctrica ---- III . Proyecto y cálculo de las construcciones soldadas. | ||
| 650 | 0 | 4 |
_aSoldadura. _917222 |
| 700 | 1 |
_aHorn, Hans A. _964208 |
|
| 700 | 1 |
_aSánchez y Rosal, H. _9102993 |
|
| 852 |
_aES-MaACL _jD-118-120 _bR.37573 |
||
| 999 |
_c139778 _d139778 |
||